Sustainability: essentials for business

সংরক্ষণ করুন:
গ্রন্থ-পঞ্জীর বিবরন
প্রধান লেখক: YOUNG, Scott T.
বিন্যাস: গ্রন্থ
ভাষা:ইংরেজি
প্রকাশিত: Sage 2013
ট্যাগগুলো: ট্যাগ যুক্ত করুন
কোনো ট্যাগ নেই, প্রথমজন হিসাবে ট্যাগ করুন!

MARC

LEADER 00000nam a22000007a 4500
008 210122b ||||| |||| 00| 0 eng d
020 |a 978-1-4129-8284-9 
100 |a YOUNG, Scott T. 
245 |a Sustainability:  |b  essentials for business  |c Scott T. Young, Kanwalroop Kathy Dhanda  |g xix, 416p.; ill. 
260 |b Sage  |c 2013  |h Los Angeles:   |i 693223  |i 693224   |l HD30.255 .Yo8  |m Management – Environmental aspects.  |m Industries – Environmental aspects.  |m Sustainable development. 
942 |a lcc  |c BK  |e Adeniran, F. A  |f 22/01/2021 
952 |0 0  |1 0  |2 lcc  |4 0  |6 HD0030255 Y O8  |7 0  |9 1559  |a HOL  |b SSL  |c GJ  |d 2021-01-22  |l 0  |o HD30.255 .Yo8  |p 2021-0347  |r 2021-01-22 00:00:00  |w 2021-01-22  |y BK 
952 |0 0  |1 0  |2 lcc  |4 0  |6 HD0030255 Y O8  |7 0  |9 1560  |a HOL  |b HOL  |c GJ  |d 2021-01-22  |l 0  |o HD30.255 .Yo8  |p 2021-0348  |r 2021-01-22 00:00:00  |w 2021-01-22  |y BK 
999 |c 821  |d 821